000 00684nam a22002177a 4500
003 UA-OsUOA
001 53489
007 ta
008 20080404b un ||||| |||| 00| 0 ukr d
100 _aКорчун М.
090 _a330
_bК-12
942 _cSA
040 _aUA-OsUOA
_bukr
_cUA-OsUOA
_dUA-OsUOA
245 _aЩляхи підвищення економічної активності та зайнятості молоді на ринку праці України
300 _aС.35-40
955 _a0
041 _aukr
080 _a330
773 0 _w53488
_tУкраїна: аспекти праці
_dК.
_d2008
_g1
650 7 _a330 Економіка взагалі
_2UDC
999 _c339575
_d339575